000 03584nab a22006257 4500
003 AR-RoUNA
022 _a0327-9022
040 _aAR-RoUNA
_bspa
041 _aspa
044 _aag
245 _aSumma+ /
_bEspecial / Hoteles, Comercios, Oficinas
260 _aBuenos Aires (Argentina):
_cDonn SA,
_b1993.
300 _a144 p. :
_bil. byn.
_bplanos
_c34X25 cm.
505 0 _tINDICE
505 0 _aFernando Diez / De la manzana al superbloque. p. 4
505 0 _aMVRDV / Las cinco caras de la unidad: Le Monolithe, Lyon, Francia, 2010. p. 12
505 0 _aOMA / En la cultura de la congestión, una ciudad dentro de otra: De Rotterdam, Países Bajos, 2013. p. 20
505 0 _aOMA / Desafiando la tipología convencional de La Torre - Sobre - Podio: Bolsa de valores de Shenzhen, China, 2013. p. 30
505 0 _aArata Isozaki & Associates / Fragmentos a la escala de la ciudad global: Zendai Himalayas Art Center, Shanghái, China, 2010. p. 44
505 0 _aFernando Felippe Viégas / Conjunto Nacional: la dimensión urbana de la arquitectura. p. 48
505 0 _aCarlos Gustavo Giménez / City Block: una utopía moderna para Buenos Aires. p. 60
505 0 _aJazmín Moreno Alvariza y Martín De Peco / Un gran techo bajo el cual intercambiamos saludos, objetos, papeles, monedas. p. 66
505 0 _tFRACCIONES ENTRE GÓTICOS
505 0 _aRobbrecht en Daem arch & Marie - José Van Hee / Mercado Cubierto de Gante, Bélgica, 2012. p. 70
505 0 _tPOLICROMÍA SOBRE GRIS EN SEIS
505 0 _tTaller de arquitectura - Mauricio Rocha / Mercado San Pablo Oztotepec, México, 2003. p. 78
505 0 _tPLEGANDO LUZ
505 0 _aComas - Pont SLP / Mercado Municipal de Manlleu, Barcelona, España, 2012. p. 82
505 0 _aPaula de Falco y Martín Di Peco / Miradores desde el centro. p. 90
505 0 _aPlan B: Con Bogotá en la piel, Hotel Clik Clack, Bogotá, Colombia, 2012. p. 94
505 0 _tUN MODERNO CLAUSTRO URBANO
505 0 _aRietti - Smud - Schraier - Smud - Zelcer / Hotel en Plaza Dorrego, San Telmo, 2012. p. 108
505 0 _aMathias Klotz, Pablo Riquelme, Renzo Alvano, Bernstein & Klotz / Hotel Palacio Astoreca, Valparaíso, Chile, 2012. p. 110
505 0 _tLOS PROGRAMAS SE RE REPROGRAMAN
505 0 _aPaula de Falco / Experiencias de un hábitat reimaginado. p. 113
505 0 _tDAMAS Y CABALLEROS, BIENVENIDOS AL GRAN HOTEL
505 0 _tLA CASCADA URBANA, LA TOPOGRAFÍA DEL ENCUENTRO Y LA MÁQUINA CULTURAL
505 0 _aEstudio SIC / 22J Minnesteder Memorides, Oslo, Noruega. p. 132
505 0 _aNL Architects / Centro Cultural ArtA, Paises bajos. p. 133
505 0 _aLAN Arqs. /Restauración y rediseño del Grand-Palais de Champs-Élysées, Paris, Francia. p. 134
505 0 _aJuan Manuel Rois / La enseñanza de arquitectura, Cátedra Ros, FAPYD, Rosario, 2013. p. 135
505 0 _aIgnacio Ros de Olano / Medina de Tánger en papel. p. 138
505 0 _aMartín Di Peco / Tic - Tac. p. 139
505 0 _aRafael E.J. Iglesia / Lo urbano y lo imaginario. p. 140
505 0 _aMario Sabugo / Un mundo y la mitad del otro. p. 142
505 0 _aRobertoFernández / Vittoriale: El museo del infito Kistch. p. 143
505 0 _aZaida Muxi / Mujeres en arquitectura y urbanismo. p. 144
650 _2Arquitectura conteporánea
650 _aEspacio público
_9333
773 0 _aSumma+
_dBuenos Aires, Argentina
_gNº136 (jun, 2014), p. 144
_x0327-9022
908 _aImp
942 _2udc
_cART
945 _d2022-07-08
980 _6138
_aCarolina Rainero
_8138
_gCarolina Rainero
999 _c12283
_d12283